Proceedings your highway to information management : (Record no. 99170)
[ view plain ]
| 000 -LEADER | |
|---|---|
| fixed length control field | 00755cam a2200205Ia 4500 |
| 008 - FIXED-LENGTH DATA ELEMENTS--GENERAL INFORMATION | |
| fixed length control field | |
| 020 ## - INTERNATIONAL STANDARD BOOK NUMBER | |
| International Standard Book Number | 0933887558 (pbk.) |
| 049 ## - LOCAL HOLDINGS (OCLC) | |
| Holding library | MAIN |
| 090 ## - LOCALLY ASSIGNED LC-TYPE CALL NUMBER (OCLC); LOCAL CALL NUMBER (RLIN) | |
| Classification number (OCLC) (R) ; Classification number, CALL (RLIN) (NR) | HE7556 |
| Local cutter number (OCLC) ; Book number/undivided call number, CALL (RLIN) | PRO |
| 003 - CONTROL NUMBER IDENTIFIER | |
| control field | |
| 005 - DATE AND TIME OF LATEST TRANSACTION | |
| control field | 20230120153124.0 |
| 040 ## - CATALOGING SOURCE | |
| Transcribing agency | NUST |
| 110 2# - MAIN ENTRY--CORPORATE NAME | |
| Corporate name or jurisdiction name as entry element | Association of Records Managers and Administrators. |
| Subordinate unit | Conference |
| Number of part/section/meeting | (40th : |
| Date of meeting or treaty signing | 1995 : |
| Location of meeting | Nashville.) |
| 245 10 - TITLE STATEMENT | |
| Title | Proceedings your highway to information management : |
| Remainder of title | ARMA International annual 40th conference : |
| Statement of responsibility, etc. | October 22-25, 1995, Nashville. |
| 260 ## - PUBLICATION, DISTRIBUTION, ETC. | |
| Place of publication, distribution, etc. | Prairie Village : |
| Name of publisher, distributor, etc. | ARMA International, |
| Date of publication, distribution, etc. | c1995. |
| 300 ## - PHYSICAL DESCRIPTION | |
| Extent | xiii, 567 p. : |
| Other physical details | ill. ; |
| Dimensions | 28 cm. |
| 650 #0 - SUBJECT ADDED ENTRY--TOPICAL TERM | |
| Topical term or geographic name entry element | Records |
| General subdivision | Management |
| Form subdivision | Congresses. |
| 907 ## - LOCAL DATA ELEMENT G, LDG (RLIN) | |
| a | .b10299087 |
| b | 19-08-11 |
| c | 17-06-11 |
| 942 ## - ADDED ENTRY ELEMENTS (KOHA) | |
| Koha item type | Ordinary Loan Books |
| Call number prefix | HE7556 |
| Call number suffix | PRO |
| Date last seen | Total Checkouts | Full call number | Barcode | Cost, replacement price | Price effective from | Koha item type | Lost status | Source of classification or shelving scheme | Damaged status | Not for loan | Collection | Withdrawn status | Home library | Current library | Shelving location | Date acquired | Cost, normal purchase price |
|---|---|---|---|---|---|---|---|---|---|---|---|---|---|---|---|---|---|
| 01/20/2023 | HE7556 PRO | 92004022980 | 80.00 | 01/20/2023 | 3HOUR | LCC | NFIC | MAIN | MAIN | GEN | 01/20/2023 | 80.00 |